000 00480nab a2200157Ia 4500
003 ES-SlBCS
005 20210601142220.0
008 140529s1967 xxu||||| |||| 00| 0 spa d
041 _aspa
100 1 _aCasasnovas, Máximo
_9266795
245 0 0 _aHolanda busca el Seminario del Postconcilio
_c Máximo Casasnovas, Lázaro Bria
650 0 4 _aPostconcilio
_9266796
700 1 _aBria, Lázaro
_9266797
773 0 _tIglesia Viva
_gnº. 9, 1967, págs. 231-238
_wRev231
942 _cAR
999 _c673475
_d673475